000 00287nam a22001337a 4500
008 170921b xxu||||| |||| 00| 0 eng d
020 _a9780382261831
041 _aeng
080 _a78
100 _a45
101 _aMUZ
245 _aTHE MUSIC CONNECTION
_cGINN,S.B
942 _2udc
_cBK
999 _c28753
_d28753